| 000 | 00755nam a2200229 a 4500 | ||
|---|---|---|---|
| 005 | 20210223130650.0 | ||
| 008 | 080930s1979 mx r 000 0 spa d | ||
| 035 | _aUPN01000161577 | ||
| 049 | _aUNE | ||
| 080 | _a371.3 -053.2 =20 BAS No.5. | ||
| 100 | 1 | _aBasile, Anne | |
| 245 | 1 | 0 |
_aContinuing search for learning priorities : _btopics for discussion with indexes to useful publications / _cPrepared by Anne Basile. |
| 260 |
_aParis : _bUNESCO; _aNew York : _bUNICEF, _c1979. |
||
| 300 |
_a12 p. ; _bfot. |
||
| 440 | 0 |
_aNotes, Comments... ; _v5 |
|
| 690 | _aMetodos de aprendizaje- Niños | ||
| 690 | _aMetodos de enseñanza- Niños | ||
| 690 | _aNiños- Metodos de enseñanza | ||
| 710 | 2 |
_aUNICEF _924085 |
|
| 710 | 2 | _aUNESCO | |
| 905 | _aUNESCO | ||
| 999 |
_c133690 _d133690 |
||